[Event "World Chess Team Championship"]
[Site "Ningbo CHN"]
[Date "2011.07.21"]
[EventDate "2011.07.17"]
[Round "5"]
[Result "1/2-1/2"]
[White "Wang Hao"]
[Black "Levon Aronian"]
[WhiteElo "2718"]
[BlackElo "2805"]
[PlyCount "59"]

1. d4 Nf6 2. c4 g6 3. g3 c6 4. Nf3 Bg7 5. Bg2 O-O 6. Nc3 d5
7. cxd5 cxd5 8. Ne5 e6 9. O-O Nfd7 10. Nf3 Nc6 11. e4 dxe4
12. Nxe4 h6 13. Bf4 Nb6 14. Nc3 g5 15. Be3 f5 16. d5 Nxd5
17. Nxd5 exd5 18. Bc5 Re8 19. Nd4 Bxd4 20. Bxd4 Be6 21. Bc3 d4
22. Bxc6 bxc6 23. Qxd4 Qxd4 24. Bxd4 Bd5 25. Rfe1 Kf7 26. Rxe8
Rxe8 27. Bxa7 Ra8 28. Be3 Rxa2 29. Rxa2 Bxa2 30. f4 1/2-1/2

[Event "World Chess Team Championship"]
[Site "Ningbo CHN"]
[Date "2011.07.23"]
[EventDate "2011.07.17"]
[Round "6"]
[Result "0-1"]
[White "Ahmed Adly"]
[Black "Wang Hao"]
[WhiteElo "2631"]
[BlackElo "2718"]
[PlyCount "112"]

1. d4 Nf6 2. Nf3 g6 3. g3 Bg7 4. c4 O-O 5. Bg2 d6 6. O-O Nc6
7. Nc3 a6 8. Re1 Rb8 9. Rb1 Na5 10. Qd3 b5 11. cxb5 axb5
12. b4 Nc4 13. d5 Ng4 14. Nd4 e6 15. e3 exd5 16. Nxd5 Nge5
17. Qe2 Bg4 18. f3 Bd7 19. a4 c6 20. Nc3 Re8 21. axb5 cxb5
22. Ncxb5 Rxb5 23. f4 Rb8 24. fxe5 Nxe5 25. b5 h5 26. Bd2 Qb6
27. h3 d5 28. Bxd5 Bxh3 29. Nc6 Qc5 30. Bh1 Bg4 31. Qf1 Nxc6
32. bxc6 Rxb1 33. Rxb1 Bf5 34. Rc1 Qd6 35. Qf2 Bb2 36. Rc4 Be5
37. Be1 Rb8 38. c7 Rc8 39. Qd2 Qe7 40. Bd5 Rxc7 41. Rxc7 Bxc7
42. e4 Bg4 43. Qf2 Be5 44. Bb4 Qc7 45. Kg2 Kg7 46. Bd2 Qe7
47. Bf4 f6 48. Bc1 Qc7 49. Ba3 Qc3 50. Qa7+ Kh6 51. Bf8+ Kg5
52. Qf2 h4 53. gxh4+ Kh5 54. Bc5 Qh3+ 55. Kg1 Bf3 56. Qd2 Bg3
0-1

[Event "World Chess Team Championship"]
[Site "Ningbo CHN"]
[Date "2011.07.24"]
[EventDate "2011.07.17"]
[Round "7"]
[Result "1-0"]
[White "Wang Hao"]
[Black "Sergey Karjakin"]
[WhiteElo "2718"]
[BlackElo "2788"]
[PlyCount "87"]

1. c4 e5 2. g3 Nf6 3. Bg2 d5 4. cxd5 Nxd5 5. Nf3 Nc6 6. O-O
Be7 7. d4 e4 8. Ne5 f5 9. Nxc6 bxc6 10. Qc2 Qd7 11. Nc3 O-O
12. Nxd5 cxd5 13. Bf4 Ba6 14. Rfc1 Rac8 15. e3 c5 16. dxc5
Bxc5 17. Qb3 Bc4 18. Qd1 Qe6 19. Bf1 Be7 20. h4 Bf6 21. Qd2 h6
22. h5 Qf7 23. Rc2 Qxh5 24. Rac1 Kh7 25. Bg2 Rcd8 26. Bc7 Rde8
27. b3 Bd3 28. Rc5 d4 29. Rd5 Rc8 30. exd4 Qf7 31. Qa5 Bg5
32. Rcc5 e3 33. f4 Bf6 34. Be5 Be7 35. Rd7 Qe8 36. Rxc8 Qxd7
37. Rc7 Qd8 38. d5 Bf6 39. d6 Re8 40. Qd5 Ba6 41. Qf7 Rxe5
42. fxe5 e2 43. Kf2 Qb8 44. Bb7 1-0

[Event "World Chess Team Championship"]
[Site "Ningbo CHN"]
[Date "2011.07.25"]
[EventDate "2011.07.17"]
[Round "8"]
[Result "1-0"]
[White "Wang Hao"]
[Black "Pentala Harikrishna"]
[WhiteElo "2718"]
[BlackElo "2669"]
[PlyCount "117"]

1. d4 Nf6 2. c4 e6 3. Nc3 Bb4 4. e3 O-O 5. Bd3 c5 6. Nf3 d5
7. O-O Nc6 8. a3 Bxc3 9. bxc3 Qc7 10. Bb2 Re8 11. a4 Na5
12. cxd5 exd5 13. Ne5 Rxe5 14. dxe5 Qxe5 15. e4 Bg4 16. f3
dxe4 17. Qe2 Be6 18. c4 Qh5 19. Bxe4 Nxe4 20. Qxe4 Qg6 21. Qf4
Nxc4 22. Bc3 Qd3 23. Rfc1 Qe3+ 24. Qxe3 Nxe3 25. Be1 Nc4
26. a5 Rc8 27. Rc2 b5 28. axb6 axb6 29. Rca2 Bd5 30. Ra7 h6
31. Rb1 Re8 32. Kf2 Ne5 33. Bc3 Nd3+ 34. Kg3 Re6 35. h4 Rg6+
36. Kh2 Nf4 37. Rb2 Bc4 38. Rd2 h5 39. Rad7 b5 40. Rd8+ Kh7
41. Be5 Ne2 42. Rc8 Nc1 43. Rdd8 Re6 44. Bd6 Nd3 45. Rh8+ Kg6
46. Bf8 Re2 47. Rg8 Nf4 48. Rxg7+ Kf6 49. Rg8 Ng6 50. Bh6 Ra2
51. Bg5+ Ke5 52. Rgd8 Bf1 53. Rxc5+ Ke6 54. Rc6+ Ke5 55. Bf6+
Kf4 56. Rd4+ Ke3 57. Rc3+ Kf2 58. Re4 Be2 59. Rc1 1-0

[Event "World Chess Team Championship"]
[Site "Ningbo CHN"]
[Date "2011.07.26"]
[EventDate "2011.07.17"]
[Round "9"]
[Result "1/2-1/2"]
[White "Peter Leko"]
[Black "Wang Hao"]
[WhiteElo "2717"]
[BlackElo "2718"]
[PlyCount "68"]

1. d4 Nf6 2. c4 e6 3. Nc3 Bb4 4. Nf3 d5 5. Bg5 h6 6. Bxf6 Qxf6
7. Qb3 c5 8. cxd5 exd5 9. e3 O-O 10. dxc5 Bxc3+ 11. Qxc3 Qxc3+
12. bxc3 Be6 13. Bb5 Rc8 14. Kd2 Rxc5 15. Nd4 Rc7 16. Rhb1 Kf8
17. a4 a6 18. Bd3 Nd7 19. a5 Rac8 20. Ra3 Ke7 21. Rb4 g6
22. h4 h5 23. Be2 Nf6 24. Bf3 Ne8 25. c4 Nd6 26. cxd5 Bd7
27. Ra2 f5 28. g3 Rc5 29. Nb3 Rc3 30. Nd4 R3c5 31. Nb3 Rc3
32. Nd4 R3c5 33. Nb3 Rc3 34. Nd4 R3c5 1/2-1/2

[Event "Chinese League"]
[Site "Chaongqing CHN"]
[Date "2011.08.11"]
[EventDate "2011.04.12"]
[Round "10"]
[Result "1/2-1/2"]
[White "Yu Ruiyuan"]
[Black "Wang Hao"]
[WhiteElo "2439"]
[BlackElo "2728"]
[PlyCount "101"]

1. e4 c5 2. Nf3 Nc6 3. d4 cxd4 4. Nxd4 Qb6 5. Nb5 Nf6 6. Be3
Qd8 7. N5c3 g6 8. Be2 Bg7 9. O-O O-O 10. Nd2 d6 11. Nb3 a6
12. a4 Be6 13. f4 Rc8 14. Kh1 Nd7 15. Nd4 Nxd4 16. Bxd4 Bxd4
17. Qxd4 Qb6 18. Qxb6 Nxb6 19. a5 Nc4 20. Bxc4 Rxc4 21. f5 Bd7
22. f6 exf6 23. Rxf6 Be6 24. Rf3 Rfc8 25. Rd3 Rb4 26. b3 f5
27. Rxd6 Rxc3 28. Rxe6 Rxe4 29. Rxe4 fxe4 30. Ra2 Kf7 31. Kg1
Ke6 32. Kf2 Kd5 33. Ke2 e3 34. Rb2 Kd4 35. Ra2 Rc5 36. g4 g5
37. Ra4+ Kc3 38. Re4 Kxc2 39. Re7 Rb5 40. Rxh7 Kxb3 41. Kxe3
Kb4 42. h4 gxh4 43. Rh5 Kc4 44. Kf3 Kd4 45. Kg2 Rb3 46. Rxh4
Ke4 47. Rh7 Kf4 48. Rg7 Rb5 49. Kf2 Rxa5 50. Rxb7 Kxg4 51. Ke3
1/2-1/2

[Event "Chinese League"]
[Site "Chaongqing CHN"]
[Date "2011.08.12"]
[EventDate "2011.04.12"]
[Round "11"]
[Result "1/2-1/2"]
[White "Wang Hao"]
[Black "Ngoc Truongson Nguyen"]
[WhiteElo "2728"]
[BlackElo "2635"]
[PlyCount "124"]

1. e4 e6 2. d4 d5 3. Nc3 dxe4 4. Nxe4 Nd7 5. Nf3 Ngf6 6. Nxf6+
Nxf6 7. Be3 Bd6 8. Bd3 Nd5 9. Bg5 Qd7 10. Qe2 Bf4 11. Bh4 Bd6
12. Ne5 Bxe5 13. Qxe5 f6 14. Qh5+ Qf7 15. Qxf7+ Kxf7 16. Bg3
Bd7 17. a3 Rac8 18. c4 Ne7 19. f3 Rhd8 20. Bf2 e5 21. dxe5 Ba4
22. Kd2 Ng6 23. e6+ Kxe6 24. Kc3 Nf4 25. Rhe1+ Kf7 26. Bf1 c5
27. b4 Ne6 28. bxc5 Rd7 29. Kb4 Bc6 30. Rad1 Rcd8 31. Rd6 Rxd6
32. cxd6 Rxd6 33. Bxa7 Rd7 34. Be3 h5 35. Kc3 h4 36. h3 f5
37. c5 Kf6 38. Bc4 Nc7 39. Bc1 g5 40. Bb3 Nd5+ 41. Kc2 Nc7
42. Bb2+ Kg6 43. Be5 Nb5 44. a4 Nd4+ 45. Bxd4 Rxd4 46. Kc3 Rd8
47. Re6+ Kg7 48. Bc2 Rd5 49. Kc4 Rd2 50. Bxf5 Bd5+ 51. Kb5
Rb2+ 52. Ka5 Bxe6 53. Bxe6 Kf6 54. Bd7 Ke5 55. Bb5 Kd4 56. Kb6
Rxg2 57. c6 bxc6 58. Bxc6 Rb2+ 59. Bb5 Ke3 60. a5 Kxf3 61. a6
Ra2 62. a7 Rxa7 1/2-1/2

[Event "SportAccord Mind Games (Blitz)"]
[Site "Beijing CHN"]
[Date "2011.12.13"]
[EventDate "2011.12.12"]
[Round "9"]
[Result "0-1"]
[White "Wang Hao"]
[Black "Vassily Ivanchuk"]
[WhiteElo "2736"]
[BlackElo "2775"]
[PlyCount "66"]

1. e4 Nf6 2. e5 Nd5 3. d4 d6 4. Nf3 dxe5 5. Nxe5 c6 6. Be2 Bf5
7. O-O Nd7 8. Bg4 g6 9. Bxf5 gxf5 10. c4 N5b6 11. Qe2 Nxe5
12. dxe5 Na4 13. Nd2 e6 14. a3 Nb6 15. a4 a5 16. Rb1 Nxa4
17. Ra1 Qd4 18. Rb1 Rg8 19. Re1 Qg4 20. Nf3 Bb4 21. g3 Nc5
22. Rd1 Ne4 23. Rd4 h5 24. Be3 h4 25. Rbd1 Be7 26. Qd3 hxg3
27. Rd7 Rg6 28. fxg3 Kf8 29. Rxb7 Re8 30. Qd7 Nxg3 31. Rf1
Nxf1+ 32. Kf2 Rg5 33. Nxg5 Qxg5 0-1

[Event "SportAccord Mind Games (Blitz)"]
[Site "Beijing CHN"]
[Date "2011.12.13"]
[EventDate "2011.12.12"]
[Round "10"]
[Result "1-0"]
[White "Gata Kamsky"]
[Black "Wang Hao"]
[WhiteElo "2732"]
[BlackElo "2736"]
[PlyCount "57"]

1. d4 f5 2. g3 Nf6 3. Bg2 g6 4. c3 Bg7 5. Qb3 Nc6 6. Nd2 e5
7. dxe5 Nxe5 8. Ngf3 Nf7 9. O-O O-O 10. c4 Rb8 11. Qc2 b6
12. b3 Bb7 13. Bb2 Re8 14. e3 Qe7 15. Rad1 c5 16. Nb1 Rbd8
17. Bxf6 Qxf6 18. Ne1 Be4 19. Qc1 g5 20. Nd2 Bxg2 21. Nxg2 Ne5
22. Qc2 d5 23. cxd5 Rxd5 24. f4 Ng4 25. fxg5 Qxg5 26. Nf3 Qd8
27. Qc4 Nf6 28. Nf4 Re4 29. Rxd5 1-0

[Event "SportAccord Mind Games (Blitz)"]
[Site "Beijing CHN"]
[Date "2011.12.13"]
[EventDate "2011.12.12"]
[Round "11"]
[Result "1-0"]
[White "Wang Hao"]
[Black "Anish Giri"]
[WhiteElo "2736"]
[BlackElo "2714"]
[PlyCount "75"]

1. c4 Nf6 2. d4 e6 3. Nc3 Bb4 4. e3 O-O 5. Bd3 d5 6. Nf3 b6
7. O-O Bb7 8. cxd5 exd5 9. a3 Bd6 10. b4 Nbd7 11. Rb1 c6
12. e4 dxe4 13. Nxe4 Nxe4 14. Bxe4 Nf6 15. Bc2 h6 16. Nh4 Qc7
17. g3 c5 18. bxc5 Qc6 19. f3 bxc5 20. Nf5 Rad8 21. Bxh6 Nh5
22. Be4 gxh6 23. Bxc6 Bxc6 24. Qc1 Ng7 25. Nxd6 Rxd6 26. Qxc5
Rg6 27. d5 Bd7 28. Rb7 Bf5 29. Qxa7 h5 30. Rb8 Rxb8 31. Qxb8+
Kh7 32. a4 h4 33. a5 Bh3 34. d6 hxg3 35. hxg3 Bxf1 36. Kxf1
Rxg3 37. d7 Rxf3+ 38. Ke2 1-0

[Event "SportAccord Mind Games (Blitz)"]
[Site "Beijing CHN"]
[Date "2011.12.13"]
[EventDate "2011.12.12"]
[Round "13"]
[Result "0-1"]
[White "Wang Hao"]
[Black "Shakhriyar Mamedyarov"]
[WhiteElo "2736"]
[BlackElo "2733"]
[PlyCount "46"]

1. d4 g6 2. c4 Bg7 3. Nf3 d6 4. g3 Nf6 5. Bg2 O-O 6. O-O c5
7. Nc3 Nc6 8. d5 Na5 9. Nd2 a6 10. Qc2 Rb8 11. b3 b5 12. Bb2
Bh6 13. f4 bxc4 14. bxc4 e5 15. Kh1 Ng4 16. Rf3 exf4 17. gxf4
Qh4 18. h3 Re8 19. Nce4 Bf5 20. Raf1 Bxe4 21. Nxe4 Rxe4
22. Ra1 Ree8 23. Raf1 Re4 0-1

[Event "SportAccord Mind Games (Blitz)"]
[Site "Beijing CHN"]
[Date "2011.12.13"]
[EventDate "2011.12.12"]
[Round "14"]
[Result "1-0"]
[White "Wang Hao"]
[Black "Ruslan Ponomariov"]
[WhiteElo "2736"]
[BlackElo "2723"]
[PlyCount "103"]

1. e4 e5 2. Nf3 Nc6 3. Bc4 Bc5 4. b4 Bb6 5. a4 a6 6. c3 Nf6
7. d3 d6 8. Nbd2 O-O 9. h3 Be6 10. O-O Re8 11. Bxe6 fxe6
12. Nc4 Ba7 13. b5 Ne7 14. Bg5 Ng6 15. Nh4 Nxh4 16. Bxh4 Rf8
17. Qb3 Bc5 18. Rad1 axb5 19. axb5 Qe8 20. d4 exd4 21. cxd4
Ba7 22. Bxf6 Rxf6 23. Rd2 Rf4 24. Ra1 d5 25. Ne3 Bb6 26. Rxa8
Qxa8 27. exd5 exd5 28. Nxd5 Rf7 29. Nxb6 cxb6 30. Rd3 Kf8
31. Rf3 Rxf3 32. Qxf3+ Ke7 33. Qe4+ Kf7 34. Qf5+ Ke7 35. Qe5+
Kf7 36. Qc7+ Kg8 37. Qxb6 Qc8 38. Qc5 Qe6 39. Qe5 Qd7 40. h4
h6 41. g3 Qc8 42. Qd5+ Kh8 43. Kg2 Qc7 44. Qe5 Qd7 45. h5 Kh7
46. Qe4+ Kh8 47. b6 Kg8 48. d5 Kh8 49. Qe6 Qd8 50. d6 Qxb6
51. Qe8+ Kh7 52. d7 1-0

[Event "SportAccord Mind Games (Blitz)"]
[Site "Beijing CHN"]
[Date "2011.12.13"]
[EventDate "2011.12.12"]
[Round "15"]
[Result "1/2-1/2"]
[White "Zoltan Almasi"]
[Black "Wang Hao"]
[WhiteElo "2707"]
[BlackElo "2736"]
[PlyCount "106"]

1. e4 c5 2. Nf3 d6 3. d4 cxd4 4. Nxd4 Nf6 5. Nc3 a6 6. Be2 e5
7. Nb3 Be7 8. O-O O-O 9. a4 Be6 10. Bf3 Nc6 11. Be3 Rc8
12. Nd5 Bxd5 13. exd5 Na5 14. Nd2 Nd7 15. Be2 f5 16. f3 Nf6
17. c4 b6 18. b4 Nb7 19. Rb1 Nd7 20. f4 a5 21. bxa5 Nxa5
22. Qc2 e4 23. Nb3 Nxb3 24. Qxb3 Bf6 25. Kh1 Rb8 26. Qb5 Qe7
27. a5 bxa5 28. Qxa5 Ra8 29. Qd2 Nc5 30. Rb6 Na4 31. Rc6 Nc3
32. Bd1 Ra2 33. Bc2 Qb7 34. Rb6 Qa8 35. Qc1 Ne2 36. Qd2 Nc3
37. Qc1 Qa5 38. Rxd6 Ne2 39. Qd1 Qc3 40. Qxe2 Rxc2 41. Qe1
Qxc4 42. Rc6 Qd3 43. Rxc2 Qxc2 44. Qd1 Qxd1 45. Rxd1 Rd8
46. h3 h5 47. g4 hxg4 48. hxg4 fxg4 49. Kg2 Bh4 50. Rd4 Kf7
51. d6 Bf6 52. Rxe4 Rxd6 53. Kg3 Re6 1/2-1/2

[Event "SportAccord Mind Games (Blindfold)"]
[Site "Beijing CHN"]
[Date "2011.12.14"]
[EventDate "2011.12.14"]
[Round "1"]
[Result "0-1"]
[White "Wang Hao"]
[Black "Zoltan Almasi"]
[WhiteElo "2736"]
[BlackElo "2707"]
[PlyCount "56"]

1. c4 Nf6 2. d4 e6 3. Nc3 Bb4 4. Qc2 O-O 5. a3 Bxc3+ 6. Qxc3
d5 7. Nf3 dxc4 8. Qxc4 b6 9. Bg5 Ba6 10. Qa4 c5 11. Rd1 cxd4
12. Nxd4 Qd7 13. Qxd7 Nbxd7 14. g3 Bb7 15. f3 h6 16. Bc1 Rfd8
17. e4 Rac8 18. Be2 Ne5 19. Nb5 Rxd1+ 20. Kxd1 Rd8+ 21. Ke1
Nd3+ 22. Bxd3 Rxd3 23. Ke2 Rd7 24. Bf4 g5 25. Be5 Ne8 26. Rd1
Rxd1 27. Kxd1 a6 28. Bb8 axb5 0-1

[Event "SportAccord Mind Games (Blindfold)"]
[Site "Beijing CHN"]
[Date "2011.12.14"]
[EventDate "2011.12.14"]
[Round "1"]
[Result "1-0"]
[White "Anish Giri"]
[Black "Wang Hao"]
[WhiteElo "2714"]
[BlackElo "2736"]
[PlyCount "69"]

1. d4 d5 2. c4 e6 3. Nc3 a6 4. cxd5 exd5 5. Nf3 c6 6. Qc2 Bd6
7. Bg5 Ne7 8. e3 h6 9. Bxe7 Qxe7 10. Nxd5 Qd8 11. Nc3 O-O
12. Bd3 c5 13. dxc5 Bxc5 14. O-O Nc6 15. Rad1 Qa5 16. a3 Ba7
17. Bh7+ Kh8 18. Be4 Ne5 19. Nxe5 Qxe5 20. Rd5 Qc7 21. Bf5 Be6
22. Bxe6 fxe6 23. Rd2 Rf5 24. Ne4 Qe5 25. Rfd1 Raf8 26. Rd8
Bb8 27. g3 Ba7 28. Nd6 Bb6 29. Rc8 Rf3 30. Rxf8+ Rxf8 31. Nc4
Qc7 32. Qe4 Ba7 33. Qxe6 b5 34. Rd7 Qc5 35. Qg6 1-0

[Event "SportAccord Mind Games (Blindfold)"]
[Site "Beijing CHN"]
[Date "2011.12.15"]
[EventDate "2011.12.14"]
[Round "5"]
[Result "0-1"]
[White "Gata Kamsky"]
[Black "Wang Hao"]
[WhiteElo "2732"]
[BlackElo "2736"]
[PlyCount "148"]

1. d4 f5 2. c4 Nf6 3. Nc3 d6 4. Bg5 Nbd7 5. d5 g6 6. g3 Bg7
7. Bg2 Nc5 8. Nf3 Nfe4 9. Nxe4 Nxe4 10. Qc1 c6 11. O-O cxd5
12. cxd5 Qb6 13. Rb1 Bd7 14. Be3 Qa5 15. Qc4 O-O 16. Nd4 Rfc8
17. Qb3 Nc5 18. Qa3 Qxa3 19. bxa3 Ba4 20. Rfc1 Bxd4 21. Bxd4
b6 22. Bf3 Ne4 23. Be3 Nc3 24. Rb4 Be8 25. Rc2 Rc7 26. g4 fxg4
27. Rxg4 Rac8 28. Bg5 Bf7 29. Rd2 Kf8 30. Rh4 h5 31. Bh6+ Ke8
32. Rb4 Rc5 33. e4 Ra5 34. Rb3 Na4 35. Be2 Rc1+ 36. Kg2 Nc5
37. Re3 Nd7 38. f4 Rac5 39. Bf3 Nf6 40. Ree2 Kd7 41. Bg5 R1c3
42. h3 Rxa3 43. Kf2 Rac3 44. Bg2 b5 45. e5 Nxd5 46. exd6 exd6
47. h4 Be6 48. Be4 R3c4 49. Bxd5 Rxd5 50. Rxd5 Bxd5 51. Re7+
Kc6 52. Rxa7 Be4 53. Ra6+ Kd7 54. Ra7+ Ke6 55. Ke3 Bf5 56. a3
Rc3+ 57. Kd2 Rd3+ 58. Ke2 Rb3 59. Ra5 Bd3+ 60. Kd2 Bc4 61. Ra6
Rd3+ 62. Kc2 b4 63. Ra4 b3+ 64. Kc1 Rc3+ 65. Kb1 Rc2 66. Rb4
Kd5 67. a4 Ra2 68. Bf6 Kc5 69. Rb7 Rxa4 70. Kc1 Be6 71. Rc7+
Kd5 72. Bg5 Ra2 73. Rc3 b2+ 74. Kb1 Bf5+ 0-1

[Event "SportAccord Mind Games (Blindfold)"]
[Site "Beijing CHN"]
[Date "2011.12.16"]
[EventDate "2011.12.14"]
[Round "6"]
[Result "0-1"]
[White "Shakhriyar Mamedyarov"]
[Black "Wang Hao"]
[WhiteElo "2733"]
[BlackElo "2736"]
[PlyCount "90"]

1. d4 d5 2. c4 c6 3. Nc3 Nf6 4. e3 g6 5. h3 Bg7 6. Nf3 O-O
7. Be2 e6 8. O-O Nbd7 9. b3 Re8 10. Bb2 b6 11. Qc2 Bb7
12. Rad1 Qc7 13. Ne5 Rac8 14. f4 c5 15. Nb5 Qb8 16. dxc5 Nxc5
17. Qb1 a6 18. Nd4 dxc4 19. bxc4 Nfe4 20. Ndf3 Qc7 21. Qa1 f6
22. Nd3 Na4 23. Bd4 Ng3 24. Rf2 Nxe2+ 25. Rxe2 e5 26. Nfxe5
fxe5 27. Bxe5 Be4 28. Bxg7 Bxd3 29. Rxd3 Qxg7 30. Qc1 b5
31. Qd2 Nc5 32. Rd4 Qf7 33. cxb5 axb5 34. Qb4 Ne6 35. Re4 Ng7
36. Rxe8+ Qxe8 37. Qb3+ Kh8 38. Kh2 h5 39. e4 Rc4 40. Qe3 Kh7
41. Qf3 Qf7 42. g4 Ne6 43. Rf2 h4 44. g5 Qc7 45. Qe3 Nxg5 0-1

[Event "SportAccord Mind Games (Blindfold)"]
[Site "Beijing CHN"]
[Date "2011.12.16"]
[EventDate "2011.12.14"]
[Round "7"]
[Result "0-1"]
[White "Wang Hao"]
[Black "Alexander Grischuk"]
[WhiteElo "2736"]
[BlackElo "2752"]
[PlyCount "132"]

1. d4 Nf6 2. c4 g6 3. Nc3 d5 4. Nf3 Bg7 5. Bf4 O-O 6. Rc1 dxc4
7. e3 Be6 8. Ng5 Bd5 9. Nxd5 Nxd5 10. Bxc4 Nxf4 11. Qf3 e6
12. Qxf4 c5 13. dxc5 Qa5+ 14. Ke2 Nd7 15. Rc2 Nxc5 16. Rhc1
Rad8 17. a3 Qb6 18. b4 Nd7 19. Ne4 Ne5 20. h4 h5 21. Nc5 a5
22. Qe4 axb4 23. axb4 Nc6 24. Rb1 Rd6 25. g4 hxg4 26. Qxg4 Ne5
27. Qe4 Rc6 28. Rb3 Rfc8 29. Rd2 Qc7 30. Bb5 Rb6 31. Ba4 Rd6
32. Rxd6 Qxd6 33. f4 Rd8 34. Qc2 b6 35. Ne4 Qb8 36. Bb5 Ng4
37. Kf3 Nh6 38. Ng3 Rc8 39. Bc6 b5 40. Qc5 Qc7 41. Be4 f5
42. Qxc7 fxe4+ 43. Nxe4 Rxc7 44. Rd3 Nf7 45. Ra3 Rc8 46. Ra6
e5 47. Rxg6 exf4 48. exf4 Rc4 49. Rb6 Rxb4 50. Rb8+ Kh7
51. Rb7 Rxe4 52. Rxf7 Rc4 53. Rb7 b4 54. Kg4 Kg8 55. Kg5 Bc3
56. f5 Rc6 57. Rb8+ Kf7 58. Rb7+ Ke8 59. Kf4 Kd8 60. h5 Kc8
61. Rb5 Kc7 62. Kg5 Bd2+ 63. Kg4 Rb6 64. Rc5+ Kd6 65. Rc2 Bh6
66. f6 Ke6 0-1

[Event "Chinese League"]
[Site "Beijing CHN"]
[Date "2012.04.30"]
[EventDate "2012.04.28"]
[Round "3"]
[Result "1/2-1/2"]
[White "Wang Hao"]
[Black "Le Quang Liem"]
[WhiteElo "2733"]
[BlackElo "2698"]
[PlyCount "86"]

1. e4 c5 2. Nf3 d6 3. d4 cxd4 4. Nxd4 Nf6 5. Nc3 a6 6. Bg5
Nbd7 7. Qe2 b5 8. a4 b4 9. Nd5 Bb7 10. Qc4 Rc8 11. Qxb4 Rb8
12. Nxf6+ gxf6 13. Be3 Bxe4 14. Qc4 Qa5+ 15. Bd2 Qc5 16. b4
Qxc4 17. Bxc4 Bxg2 18. Rg1 Bb7 19. b5 axb5 20. Bxb5 e5 21. Nc6
Rc8 22. Na5 Ba8 23. Nc4 Bc6 24. Ne3 Ba8 25. Nc4 Bc6 26. Ne3
Bxb5 27. axb5 Ke7 28. f4 f5 29. fxe5 Ke6 30. Rf1 f4 31. Rxf4
Bh6 32. Rh4 Bg5 33. Rd4 Nxe5 34. O-O-O Rc5 35. Rxd6+ Kxd6
36. Bb4+ Ke6 37. Bxc5 Nc4 38. b6 Rb8 39. Rd3 Kf6 40. Bd4+ Kg6
41. Rc3 Nxe3 42. Bxe3 Rxb6 43. Bxg5 Kxg5 1/2-1/2

[Event "Chinese League"]
[Site "Beijing CHN"]
[Date "2012.05.01"]
[EventDate "2012.04.28"]
[Round "4"]
[Result "0-1"]
[White "Kaiqi Yang"]
[Black "Wang Hao"]
[WhiteElo "2360"]
[BlackElo "2733"]
[PlyCount "80"]

1. e4 c5 2. Nf3 d6 3. d4 cxd4 4. Nxd4 Nf6 5. Nc3 a6 6. Be3 e6
7. f3 b5 8. Qd2 Nbd7 9. g4 Nb6 10. O-O-O Nfd7 11. Qf2 Bb7
12. Bd3 Rc8 13. Nce2 Nc5 14. Kb1 Qc7 15. Ng3 Nba4 16. Bc1 g6
17. h4 h6 18. f4 e5 19. fxe5 dxe5 20. Qf6 Nxd3 21. cxd3 Rh7
22. Nb3 Be7 23. Qf2 Qd7 24. Qe2 Rd8 25. Nf1 h5 26. Ne3 Qe6
27. g5 Kf8 28. Rhf1 Kg8 29. Rf3 Rd7 30. Qc2 Qc6 31. Qxc6 Bxc6
32. Rf2 Rh8 33. Kc2 Kg7 34. Rdf1 Bd8 35. Bd2 Bb6 36. Rf3 Rc8
37. Bc3 Bb7 38. a3 a5 39. Kd2 Nxc3 40. bxc3 Bxe4 0-1

[Event "Russia - China"]
[Site "St Petersburg RUS"]
[Date "2012.07.03"]
[EventDate "2012.07.02"]
[Round "2"]
[Result "1/2-1/2"]
[White "Evgeny Tomashevsky"]
[Black "Wang Hao"]
[WhiteElo "2733"]
[BlackElo "2739"]
[PlyCount "120"]

1. d4 f5 2. g3 Nf6 3. Bg2 g6 4. Nf3 Bg7 5. O-O O-O 6. c4 d6
7. Nc3 c6 8. Rb1 Ne4 9. Qc2 e5 10. Rd1 Qf6 11. dxe5 dxe5
12. Be3 Nxc3 13. Qxc3 Nd7 14. c5 e4 15. Bd4 Qe7 16. Bxg7 Qxg7
17. Nd4 a5 18. Rbc1 Nf6 19. e3 g5 20. Bf1 Kh8 21. Bc4 Re8
22. Ne2 Nd7 23. Rd6 Nxc5 24. Qxg7+ Kxg7 25. Nd4 a4 26. Rc3 Ra5
27. Kg2 h6 28. b4 axb3 29. axb3 Ra3 30. h4 Rf8 31. Be2 Na4
32. Rc1 Nb6 33. hxg5 hxg5 34. Rh1 Rf6 35. Rh7+ Kxh7 36. Rxf6
Kg7 37. Rd6 Kf7 38. Bh5+ Ke7 39. Rg6 Nd5 40. Rxg5 c5 41. Rg7+
Kf6 42. Rg6+ Ke5 43. f4+ exf3+ 44. Nxf3+ Ke4 45. Nd2+ Kd3
46. Rd6 Kxd2 47. Rxd5+ Kxe3 48. Rxc5 Bd7 49. Rc3+ Kd4 50. Rc4+
Kd3 51. Bf3 b5 52. Rc7 Be6 53. Re7 Ra6 54. Kf2 Kc3 55. Be2 Kb4
56. Rb7 Ra5 57. Bd3 Kc5 58. Ke3 b4 59. Kf4 Bxb3 60. Bxf5 Bd5
1/2-1/2

[Event "Russia - China"]
[Site "St Petersburg RUS"]
[Date "2012.07.04"]
[EventDate "2012.07.02"]
[Round "3"]
[Result "1-0"]
[White "Wang Hao"]
[Black "Ian Nepomniachtchi"]
[WhiteElo "2739"]
[BlackElo "2718"]
[PlyCount "89"]

1. Nf3 Nf6 2. c4 g6 3. Nc3 d5 4. cxd5 Nxd5 5. Qb3 Nb6 6. d4
Bg7 7. Bf4 Be6 8. Qa3 Nc6 9. e3 a5 10. Rc1 O-O 11. Be2 Nb4
12. b3 c6 13. O-O Bg4 14. Rfd1 N6d5 15. Nxd5 Nxd5 16. Bg3 Qb6
17. h3 Bh5 18. Bh4 Bxf3 19. Bxf3 e6 20. e4 Nb4 21. Rc4 Rfe8
22. e5 Bf8 23. Qb2 Be7 24. Bxe7 Rxe7 25. h4 Rd7 26. h5 Qd8
27. Qd2 Qf8 28. hxg6 hxg6 29. a3 Nd5 30. Rc5 Ne7 31. g4 Rad8
32. Qf4 Nd5 33. Bxd5 Rxd5 34. Rxd5 Rxd5 35. Kg2 Qd8 36. Kg3 g5
37. Qe4 Qf8 38. Qe3 Qg7 39. Rh1 c5 40. Qc1 Qg6 41. Rh5 f6
42. Qh1 fxe5 43. Rh8+ Kg7 44. Rb8 Qd3+ 45. f3 1-0

[Event "Russia - China"]
[Site "St Petersburg RUS"]
[Date "2012.07.05"]
[EventDate "2012.07.02"]
[Round "4"]
[Result "1/2-1/2"]
[White "Nikita Vitiugov"]
[Black "Wang Hao"]
[WhiteElo "2703"]
[BlackElo "2739"]
[PlyCount "92"]

1. d4 Nf6 2. c4 e6 3. Nc3 Bb4 4. Nf3 b6 5. e3 Bb7 6. Bd3 O-O
7. O-O d5 8. a3 Bd6 9. cxd5 exd5 10. b4 a6 11. Qb3 Qe7 12. b5
axb5 13. Nxb5 Nbd7 14. a4 c5 15. Ba3 Ba6 16. Bf5 Bxb5 17. Qxb5
g6 18. Bc2 Rfc8 19. Qe2 Ne4 20. Bb2 c4 21. Rab1 Bb4 22. Ba1
Ndf6 23. Rfd1 Ra5 24. Ne5 c3 25. Nd3 Bd6 26. Ne5 Qc7 27. Rd3
Qb7 28. f3 Nd2 29. Rb5 Rxb5 30. axb5 Bb4 31. Qd1 Qa8 32. Nc6
Rxc6 33. bxc6 Qxc6 34. Bxc3 Bxc3 35. Rxd2 Bxd2 36. Qxd2 Ne8
37. Bd3 Nd6 38. Kf2 Qa4 39. Qc3 Qa2+ 40. Qc2 Qa3 41. Ke2 b5
42. Qc5 Qb2+ 43. Qc2 Qa1 44. Qc6 Nc4 45. Bxc4 Qb2+ 46. Kd1
Qb1+ 1/2-1/2

[Event "Russia - China"]
[Site "St Petersburg RUS"]
[Date "2012.07.06"]
[EventDate "2012.07.02"]
[Round "5"]
[Result "1/2-1/2"]
[White "Maxim Matlakov"]
[Black "Wang Hao"]
[WhiteElo "2668"]
[BlackElo "2739"]
[PlyCount "76"]

1. d4 Nf6 2. c4 g6 3. Nf3 Bg7 4. g3 O-O 5. Bg2 d6 6. O-O Nc6
7. Nc3 a6 8. Qd3 e5 9. dxe5 Nxe5 10. Nxe5 dxe5 11. Qxd8 Rxd8
12. Bg5 Re8 13. Nd5 Nxd5 14. cxd5 Bd7 15. Rfc1 Rac8 16. Rc4 f6
17. Be3 Bf8 18. Rac1 Bd6 19. Bc5 Kf7 20. e4 Bxc5 21. Rxc5 c6
22. dxc6 Rxc6 23. Bf1 Rec8 24. Rxc6 Rxc6 25. Rxc6 Bxc6 26. f3
a5 27. Kf2 Ke7 28. a3 Kd6 29. b4 axb4 30. axb4 Kc7 31. Ke3 Kb6
32. Bc4 Bb5 33. Bf7 g5 34. h4 h6 35. Be6 Ba6 36. Bd7 Bb5
37. Be6 Ba6 38. Bd7 Bb5 1/2-1/2

[Event "Biel Blitz"]
[Site "Biel SUI"]
[Date "2012.07.22"]
[EventDate "2012.07.22"]
[Round "1.1"]
[Result "0-1"]
[White "Wang Hao"]
[Black "Alexandra Kosteniuk"]
[WhiteElo "2739"]
[BlackElo "2472"]
[PlyCount "62"]

1. d4 Nf6 2. c4 e6 3. Nc3 Bb4 4. e3 O-O 5. Bd3 c5 6. Nf3 d5
7. O-O Nc6 8. a3 Bxc3 9. bxc3 Re8 10. a4 dxc4 11. Bxc4 Qc7
12. Ba3 b6 13. Qe2 Na5 14. Bd3 c4 15. Bc2 Nb3 16. Rab1 Nd5
17. Qe1 Bd7 18. e4 Nf4 19. g3 Ng6 20. h4 h6 21. h5 Nf8 22. Qe3
Nh7 23. e5 Bc6 24. Nh4 Bb7 25. Bd6 Qc6 26. Kh2 Ng5 27. f3 a6
28. Rbe1 b5 29. f4 Nh7 30. f5 exf5 31. Nxf5 Qg2# 0-1